000 00461nam a2200181Ia 4500
001 4640
005 20260306145811.0
008 260306t2001||||xx |||||||||||||| ||spa||
041 _aESP
082 _a328.341
_bA83
100 _aAstete Virhuez, Jorge
_eAUT
245 0 _aEl poder neutro:
_bteoría del equilibrio de poderes en el Perú
260 _c2001
300 _a198 páginas :
_c20 cm.
650 _aGEN
654 _aCDE
942 _cLIB
_dJUS
_fJUS
_2ddc
_n
999 _c4640
_d4640